| 000 | 00758nam a2200241Ia 4500 | ||
|---|---|---|---|
| 001 | dia_4277 | ||
| 003 | CHAP | ||
| 005 | 20251029162651.0 | ||
| 008 | 220117s1983 xx 000 0 und d | ||
| 010 | _a174926 | ||
| 040 |
_cCHAP _amxchpua _erda |
||
| 090 | _aFOLLETO 2803 | ||
| 100 |
_aCepedes Torres, Eduardo _9155767 |
||
| 245 |
_aGuía para cultivar cartamo de temporal en las huastecas / _c Eduardo Cepedes Torres |
||
| 260 |
_aMéxico : _b SARH, instituto nacional de investigaciones agrícolas, _c1983 |
||
| 300 | _a16 p. | ||
| 500 | _aD. (Folleto para productores, 8) | ||
| 650 | 0 |
_aCártamo _9155727 |
|
| 901 | _aFOLLETO 2803 | ||
| 902 | _aM | ||
| 905 | _a0000001983 mx 0000000000spa00 | ||
| 942 |
_cFOLL _2local |
||
| 999 |
_c174926 _d174926 |
||